000 01227naa a22003257a 4500
001 BR7804706
003 BR-BrBNA
005 20240918174136.0
007 ta
008 230509b bl.||||| |||| 00| 0 por d
040 _aBR-BrBNA
_bpor
_cBiblioteca Nacional de Agricultura
041 _a(Pt)
072 _aF60
_b1930
_b3575
_b3690
090 _aF60 BR7804706
100 1 _aTosello, J.
100 1 _aAtalla, L.M.P.
111 1 _aEncontro sobre Pecuaria Leiteira
_cSao Carlos, SP (Brazil)
_d23 Apr 1978
245 1 _aObservacoes sobre duas especies de Brachiaria: Brachiaria decumbens e Brachiaria humidicola em condicoes de laboratorio [Fisiologia vegetal; Regulador de crescimento]
260 3 _aSao Carlos, SP (Brasil):
_c1978.
500 _aAnais do Encontro sobre Pecuaria Leiteira Sao Carlos, SP (Brasil): 1978. p. 23 (BR7804706-AM)F60
650 _aFisiologia vegetal
650 _aCapim brachiaria
650 _aSemente
650 _aRegulador de crescimento
650 _aDormencia da semente
650 _aPoder germinativo
773 0 _tAnais do Encontro sobre Pecuaria Leiteira
_wF60 BR7804706
_gSao Carlos, SP (Brasil), 1978. p. 23
909 _a202404
_bLucia
_c55
_dLucia Elande
942 _cAM
_2AGRIS
999 _c309171
_d309171